Prjamyje metody v zadačach dinamiki i ustojčivosti mnogomernych sistem Sbornik naučnych trudov
Salvato in:
| Natura: | Libro |
|---|---|
| Lingua: | russo |
| Pubblicazione: |
Kijev
Akademija nauk
1986
|
| Edizione: | 1. izd. |
| Tags: |
Nessun Tag, puoi essere il primo ad aggiungerne!!
|
MARC
| LEADER | 00000nam a2200000 4500 | ||
|---|---|---|---|
| 001 | c024993 | ||
| 005 | 20221207072518.8 | ||
| 041 | 0 | |a rus | |
| 044 | |a UA | ||
| 245 | 1 | 0 | |a Prjamyje metody v zadačach dinamiki i ustojčivosti mnogomernych sistem |b Sbornik naučnych trudov |
| 250 | |a 1. izd. | ||
| 264 | 1 | |a Kijev |b Akademija nauk |c 1986 | |
| 300 | |a 131 s. | ||